Para ver cierra los ojos.
Kaydedildi:
| Yazar: | |
|---|---|
| Diğer Yazarlar: | , , |
| Materyal Türü: | Kitap |
| Dil: | İspanyolca |
| Baskı/Yayın Bilgisi: |
La Rioja, España:
Pepitas de calabaza,
2014.
|
| Edisyon: | Segunda edición. |
| Konular: | |
| Etiketler: |
Etiketle
Etiket eklenmemiş, İlk siz ekleyin!
|
MARC
| LEADER | 00000nam a22000007a 4500 | ||
|---|---|---|---|
| 003 | CL-VaPUC | ||
| 005 | 20250407202459.0 | ||
| 008 | 250321t2014 ||||| |||| 00| 0 spa d | ||
| 999 | |c 447574 |d 447572 | ||
| 020 | |a 978-84-939437-4-5 | ||
| 040 | |c Pontificia Universidad Católica de Valparaíso | ||
| 082 | |2 22 |a 791.430233 SVA 2014 | ||
| 100 | |9 891913 |a Svankmajer, Jan, |d 1934- |e autor | ||
| 245 | |a Para ver cierra los ojos. | ||
| 250 | |a Segunda edición. | ||
| 260 | |a La Rioja, España: |b Pepitas de calabaza, |c 2014. | ||
| 300 | |a 214 páginas. | ||
| 500 | |a c.1: Instituto Arcos. 08-01-2025 | ||
| 583 | |c 20250321 |k Yessy Sthefany Diaz Vidal | ||
| 600 | 0 | |9 891913 |a Svankmajer, Jan, |d 1934- |v Crítica e interpretación |x Cineasta | |
| 650 | 0 | |9 225706 |a Cine |x Productores, directores, etc. |z Checoslovaquia | |
| 650 | 0 | |9 264961 |a Películas cinematográficas |x Surrealismo |y Siglo 20 | |
| 700 | |9 897372 |a Castro, Eugenio |e traducción | ||
| 700 | |9 897373 |a Guiard, Silvia |e traductora | ||
| 700 | |9 897374 |a Dergam, Román |e traductor | ||
| 942 | |2 ddc |c BK |n 0 | ||
| 952 | |0 0 |1 0 |2 ddc |4 0 |6 791_430233000000000_SVA_2014 |7 0 |8 A |9 601735 |a BIBINC |b BIBINC |d 2025-03-21 |e Instituto Arcos |i 5666520 |o 791.430233 SVA 2014 |p 5666520 |r 2025-03-21 |t 1 |w 2025-03-21 |y BK |k IFP | ||